000 00810nam a2200253Ia 4500
003 OSt
005 20220923231019.0
006 a|||||r|||| 00| 0
007 ta
008 220922b |||||||| |||| 00| 0 pan d
020 _c350
024 _a353,775
037 _b1203, 06/03/2020, H.K. Prakashan
_cTextual
040 _aARTS
_cARTS
_bpan
041 _2pan
_apan
082 _aNR, 153Q8
100 _aਕੌਰ, ਦੇਵਿੰਦਰ, ਂਚ.
245 0 _aਮੈ੍ਵ ਤੇ ਮੇਰਾ ਸੰਗੀਤਕ ਸਖ਼ਰ
260 _aਪਟਿਆਲਾ
_b ਗ੍ਰੇFਿਅਸ
_c2018
300 _a118ਪ0
_ccm.
650 _aਸੰਗੀਤ
942 _hNR, 153Q8
_cTEXL
_2CC
999 _c388781
_d388781